Countries of Europe on a Map - Whammies - Statistics

General Stats
  • This quiz has been taken 4,723 times
  • The average score is 36 of 45
Answers on the Map
Answers color-coded by a green-red scale on the quiz's map according to % correct below.
 
Answer Stats
Country % Correct
Italy
83%
Finland
82%
France
82%
Germany
82%
Iceland
82%
Ireland
82%
Portugal
82%
Russia
82%
Spain
82%
Sweden
82%
United Kingdom
82%
Andorra
81%
Austria
81%
Belgium
81%
Denmark
81%
Greece
81%
Netherlands
81%
Norway
81%
Poland
81%
Switzerland
81%
Ukraine
81%
Belarus
80%
Croatia
80%
Estonia
80%
Luxembourg
80%
Malta
80%
Monaco
80%
Vatican City
80%
Czech Republic
79%
Latvia
79%
Liechtenstein
79%
Lithuania
79%
Moldova
79%
Romania
79%
San Marino
79%
Albania
78%
Bosnia and Herzegovina
78%
Bulgaria
78%
Slovenia
78%
Hungary
77%
Kosovo
77%
North Macedonia
77%
Serbia
77%
Slovakia
77%
Montenegro
75%
No matching quizzes found
Score Distribution
Percent of People with Each Score
Percentile by Number Answered
Your Score History
You have not taken this quiz